Evénements du 29 décembre - Statistiques

Statistiques générales
  • Ce quiz a été pris 22 fois
  • Le résultat moyen est 5 sur 15
Statistiques - réponses
Hint Réponse % Correct
Naissance de la marquise de Pompadour 1721
89%
Création du Parti Communiste Français 1920
67%
Assassinat de Thomas Becket dans sa cathédrale 1170
61%
Vaclav Havel est élu président en Tchécoslovaquie 1989
44%
Naissance du chanteur André Claveau 1911
39%
Enlèvement en Afghanistan de Stéphane Taponier et Henri Ghesquière 2009
39%
Dissolution du groupe Motorhead 2015
39%
Le Texas devient le 28e état américain 1845
28%
Décès de l'accordéoniste Jean Ségurel 1978
22%
Décès du couturier Ted Lapidus 2008
22%
Naissance de Pablo Casals, violoncelliste 1876
17%
Décès de la comédienne Mireille 1996
17%
Le général Bugeaud est nommé gouverneur de l'Algérie 1840
11%
Attentat de l'ETA contre le roi Jean Carlos 1986
11%
Retour sur terre du cosmonaute soviétique Yuri Romanenko qui a passé 326 jours dans l'espace 1987
11%
Aucun quiz correspondant
Distribution des résultats
% des personnes avec chaque résultat
Percentile par nombre de réponses
Votre historique - résultats
Vous n’avez pas pris ce quiz